Problémy a příklady z obecné chemie : Názvosloví anorganických sloučenin : [Určeno pro posl. fak. přírodověd.] /

Hlavní autor: Růžička, Antonín, 1938-
Další autoři: Toužín, Jiří, Mezník, Lubomír, 1942-
Jazyk: Čeština
Vydáno: Brno : Masarykova univerzita, 1994
Vydání: 1. dot. 5. přeprac. a dopl. vyd.
Témata:
Fyzický popis: 236 s. : obr.
Knihy
Uloženo v:
LEADER 02275nam a2200481 a 4500
001 000009357
003 CZ BrMZK
005 20231118153856.0
007 ta
008 940622s1994 xr e p cze d
015 |a cnb000086439 
020 |a 80-210-0867-9  |c 50.00 
040 |a BOA001  |b cze 
072 7 |a 54  |x Chemie. Mineralogické vědy  |2 Konspekt  |9 10 
072 7 |a 37.016  |x Učební osnovy. Vyučovací předměty. Učebnice  |2 Konspekt  |9 22 
080 |a 54:001.4  |2 MRF 
080 |a 544  |2 MRF 
080 |a 546-3  |2 MRF 
080 |a (075.8)  |2 MRF 
100 1 |a Růžička, Antonín,  |d 1938-  |7 jk01103133 
245 1 0 |a Problémy a příklady z obecné chemie :  |b Názvosloví anorganických sloučenin : [Určeno pro posl. fak. přírodověd.] /  |c ..., Lubomír Mezník, Jiří Toužín 
250 |a 1. dot. 5. přeprac. a dopl. vyd. 
260 |a Brno :  |b Masarykova univerzita,  |c 1994 
300 |a 236 s. :  |b obr. 
504 |a Bibliogr. s. 235-236 
650 0 7 |a chemické názvosloví  |7 ph119148  |2 czenas 
650 0 7 |a obecná chemie  |7 ph115521  |x úlohy  |2 czenas 
650 0 7 |a anorganické sloučeniny  |7 ph118477  |2 czenas 
655 7 |a učebnice vysokých škol  |7 fd133772  |2 czenas 
700 1 |a Toužín, Jiří  |7 jk01132834 
700 1 |a Mezník, Lubomír,  |d 1942-  |7 jk01081385 
910 |a BOA001  |b 2-1000.165  |b TK-0254.953 
920 |a 000122484 
990 |a BK 
991 |b 202311 
996 7 |b 2610009817  |c 2-1000.165  |l MZK  |r Sklad / do 1 hodiny  |n 25  |p p.v.  |w 000009357  |u 000010  |a 1  |e BOA001  |j MZK50  |s A 
996 6 |b 2610032320  |c 2-1000.165  |l MZK  |r Sklad / do 1 hodiny  |n 0  |p kup  |w 000009357  |u 000020  |a 1  |e BOA001  |j MZK50  |s P 
996 7 |b 2610032321  |c 2-1000.165  |l MZK  |r Sklad / do 1 hodiny  |n 3  |p kup  |w 000009357  |u 000030  |a 1  |e BOA001  |j MZK50  |s A 
996 7 |b 2610032322  |c 2-1000.165  |l MZK  |r Sklad / do 1 hodiny  |n 0  |p kup  |w 000009357  |u 000040  |a 1  |e BOA001  |j MZK50  |s A 
996 7 |b 2610032323  |c 2-1000.165  |l MZK  |r Sklad / do 1 hodiny  |n 0  |p kup  |w 000009357  |u 000050  |a 1  |e BOA001  |j MZK50  |s A 
996 7 |b 2629945337  |c TK-0254.953  |l MZK  |r Sklad / do 24 hodin  |n 2  |w 000009357  |u 000080  |a 1  |e BOA001  |j MZK50  |s A 
996 7 |b 2629981607  |c TK-0254.953  |l MZK  |r Sklad / do 24 hodin  |n 7  |w 000009357  |u 000060  |a 1  |e BOA001  |j MZK50  |s A 
996 7 |b 2629982913  |c TK-0254.953  |l MZK  |r Sklad / do 24 hodin  |n 3  |w 000009357  |u 000070  |a 1  |e BOA001  |j MZK50  |s A